My Name Is a Word! Quiz Stats

 Plays Quiz Updated Feb 6, 2016

Score 0/22 Timer 05:00
1 Play Today
% Correct
Honey
81.6%
Liz
81.5%
Stu
79.2%
Al
78.9%
Rick
78.9%
Mari
77.9%
Jay
74%
Clea
73.6%
Don
73.3%
Levi
72.4%
Kim
71.6%
% Correct
Kit
71.2%
Phil
68.6%
Emi
67%
Lee
66.8%
Mo
63%
Nat
61.9%
Ava
61.9%
Pat
58.9%
Jo
56.3%
Conni
53.1%
Reba
46.6%

You're not logged in!

Compare scores with friends on all Sporcle quizzes.
OR
Log In

Show Comments

Extras

Top Quizzes Today


Score Distribution

Your Account Isn't Verified!

In order to create a playlist on Sporcle, you need to verify the email address you used during registration. Go to your Sporcle Settings to finish the process.

Report this User

Report this user for behavior that violates our Community Guidelines.

Details: